| 000 | 01283nam a2200265 a 4500 | ||
|---|---|---|---|
| 001 | 25974 | ||
| 003 | CO-ViMGA | ||
| 008 | 141112s2004 ck r 000 u spa d | ||
| 015 | _ack - 2013 - xxxx | ||
| 020 | _a9789583509391 | ||
| 040 |
_aCO-ViMGA _bspa _cCO-ViMGA |
||
| 082 | 0 | 4 | _a345.86105 G18l |
| 100 | 1 |
_aGarcía Arboleda, Juan Felipe _940536 |
|
| 245 | 1 | 0 |
_aEl lugar de las víctimas en Colombia : _banálisis sobre las instituciones de verdad, justicia y reparación desde una perspectiva de víctimas / _cJuan felipe García Arboleda ; asistente de investigación, Lina Paola Chaparro Martínez |
| 250 | _a1a. ed. | ||
| 260 |
_aBogotá : _bPontificia Universidad Javeriana, _c2013 |
||
| 300 | _axxiv, 222 p. : il. ; 24 cm | ||
| 490 | _aColección Investigaciónes ; no. 7 | ||
| 500 | _a"Investigación realizada en el marco del proyecto, apoyo a políticas públicas para construcción de la paz, del centro Internacional de Toledo para la paz (CITpax) con financiación de la AECID" - - Port | ||
| 650 | 1 | 4 |
_aReparación (Justicia penal) - Colombia _940537 |
| 700 | 1 |
_aChaparro Martínez, Lina Paola _940538 |
|
| 917 | _a2013 - 6883 2 ejemplares | ||
| 942 |
_2ddc _cBK |
||
| 990 | _a2013 - 6883 Editorial Temis 2 ejemplares 21 13/08/2013 a848895 01/08/2013 31/07/2013 | ||
| 999 |
_c33210 _d33210 |
||